| 000 | 00469 a2200169 4500 | ||
|---|---|---|---|
| 001 | 188797 | ||
| 020 | _a978-85-02-04925-3 | ||
| 040 | _cMagnum | ||
| 100 | _aBranco, Anselmo Lazaro | ||
| 240 | 1 | 0 |
_aTerritório e sociedade no mundo globalizado: geografia geral e do Brasil _lpor |
| 245 | 1 | 0 | _aTerritório e sociedade no mundo globalizado: geografia geral e do Brasil |
| 300 | _a576 | ||
| 362 | 0 | _a2005 | |
| 440 | 1 | _aSaraiva | |
| 697 | _aMISCELÂNEA | ||
| 942 | _cBK | ||
| 999 |
_c188797 _d188797 |
||